Statistics for Five Countries that have the biggest youtubers by Continent

Click here to take the quiz!

General Stats

  • This quiz has been taken 133 times
    (131 since last reset)
  • The average score is 21 of 30

Answer Stats

YoutuberCountry% Correct
TaylorSwiftVEVOUnited States
98%
OneDirectionVEVOUnited Kingdom
96%
JustinBieberVEVOCanada
94%
whinderssonnunesBrazil
91%
HowToBasicAustralia
91%
PewDiePieSweden
88%
T-SeriesIndia
86%
YuyaMexico
85%
Shaaanxo7New Zealand
84%
David GuettaFrance
84%
Caspar LeeSouth Africa
84%
HolaSoyGerman.Chile
82%
shakiraVEVOColombia
81%
AlbernamegEgypt
77%
Get MoviesRussia
73%
jacksepticeyeIreland
71%
SMTOWNSouth Korea
70%
VANOMASPapua New Guinea
68%
Dross RotzankVenezuela
64%
enchufetvEcuador
64%
MarkAngelComedyNigeria
58%
RihannaVEVOBarbados
58%
Saad LamjarredMorocco
57%
netd müzikTurkey
53%
Oum WalidAlgeria
51%
Spinnin' RecordsNetherlands
47%
Kheerto FaafaaleSamoa
45%
WorkpointThailand
42%
LiwaMarshall Islands
39%
FernanflooEl Salvador
28%

Score Distribution

Percentile by Number Answered

Percent of People with Each Score

Your Score History

You have not taken this quiz since the last reset